Southville International School and Colleges
Your cart is empty.
  • Cart
  • Lists
    Public lists Eva Luna New books Lux_list list_1
    Your lists Log in to create your own lists
  • Log in to your account
  • Your cookies
  • Search history
Southville International School and Colleges
  • Advanced search
  • Recent comments
  • Most popular
  • Libraries

Log in to your account

Log in with GOOGLE


If you do not have an external account, but do have a local account, you can still log in:

  1. Home
  2. MARC view: Quiller bamboo
Normal view MARC view ISBD view

Quiller bamboo (Record no. 11304)

[ view plain ]
MARC details
000 -LEADER
fixed length control field 01024cam a2200325 a 4500
001 - CONTROL NUMBER
control field 4836271
003 - CONTROL NUMBER IDENTIFIER
control field LC
005 - DATE AND TIME OF LATEST TRANSACTION
control field 20160223115758.0
008 - FIXED-LENGTH DATA ELEMENTS--GENERAL INFORMATION
fixed length control field 900912s1991 nyu 000 1 eng
010 ## - LIBRARY OF CONGRESS CONTROL NUMBER
LC control number 90049142
020 ## - INTERNATIONAL STANDARD BOOK NUMBER
International Standard Book Number 0688096964
040 ## - CATALOGING SOURCE
Original cataloging agency DLC
Transcribing agency DLC
Modifying agency DLC
-- OCoLC
043 ## - GEOGRAPHIC AREA CODE
Geographic area code e-uk---
-- a-cc---
050 00 - LIBRARY OF CONGRESS CALL NUMBER
Classification number PR 6039
Item number .H174 1992
082 00 - DEWEY DECIMAL CLASSIFICATION NUMBER
Classification number FIC H14q
Item number 1991
100 1# - MAIN ENTRY--PERSONAL NAME
Personal name Hall, Adam.
9 (RLIN) 13220
245 10 - TITLE STATEMENT
Title Quiller bamboo
Statement of responsibility, etc Adam Hall.
250 ## - EDITION STATEMENT
Edition statement 1st ed.
260 ## - PUBLICATION, DISTRIBUTION, ETC. (IMPRINT)
Place of publication, distribution, etc New York :
Name of publisher, distributor, etc W. Morrow & Co.,
Date of publication, distribution, etc c1991.
300 ## - PHYSICAL DESCRIPTION
Extent 322 p. ;
Dimensions 25 cm.
650 #0 - SUBJECT ADDED ENTRY--TOPICAL TERM
Topical term or geographic name as entry element Quiller (Fictitious character)
General subdivision Fiction.
9 (RLIN) 19739
650 #0 - SUBJECT ADDED ENTRY--TOPICAL TERM
Topical term or geographic name as entry element Intelligence officers
General subdivision Fiction.
9 (RLIN) 19740
650 #0 - SUBJECT ADDED ENTRY--TOPICAL TERM
Topical term or geographic name as entry element British
Geographic subdivision China
Form subdivision Fiction.
9 (RLIN) 19741
651 #0 - SUBJECT ADDED ENTRY--GEOGRAPHIC NAME
Geographic name China
General subdivision Fiction.
9 (RLIN) 19742
655 #7 - INDEX TERM--GENRE/FORM
Genre/form data or focus term Spy stories.
Source of term gsafd
9 (RLIN) 4765
906 ## - LOCAL DATA ELEMENT F, LDF (RLIN)
a 7
b cbc
c orignew
d 1
e ocip
f 19
g y-gencatlg
942 ## - ADDED ENTRY ELEMENTS (KOHA)
Source of classification or shelving scheme Library of Congress Classification
Koha item type Books
Holdings
Withdrawn status Lost status Source of classification or shelving scheme Damaged status Home library Current library Shelving location Date acquired Total Checkouts Full call number Barcode Date last seen Price effective from Koha item type
    Library of Congress Classification   Luxembourg Library Luxembourg Library Fiction Section 09/14/2013   PR 6039 .H174 1992 6799 09/14/2013 09/14/2013 Books

Quiller bamboo

APA

Hall A., . (1991). Quiller bamboo. New York: W. Morrow & Co.

Chicago

Hall Adam, . 1991. Quiller bamboo. New York: W. Morrow & Co.

Harvard

Hall A., . (1991). Quiller bamboo. New York: W. Morrow & Co.

MLA

Hall Adam, . Quiller bamboo. New York: W. Morrow & Co. 1991.

  • Place hold
  • Print
  • Cite
  • Add to your cart (remove)
  • Save record
    BIBTEX Dublin Core MARCXML MARC (non-Unicode/MARC-8) MARC (Unicode/UTF-8) MARC (Unicode/UTF-8, Standard) MODS (XML) RIS
  • More searches
    Search for this title in:
    Other Libraries (WorldCat) Other Databases (Google Scholar) Online Stores (Bookfinder.com) Open Library (openlibrary.org)

Exporting to Dublin Core...

SOUTHVILLE LIBRARY

Southville International School and Colleges Library

1281 Tropical Ave. Cor. Luxembourg St., BF Homes International, Las Pinas City

Tel. No. 8256374 / 252358 Loc. 117/146

Powered by Koha